Report of the African Commission's Working Group of Experts on Indigenous Populations / Communities (Record no. 840)

MARC details
000 -LEADER
fixed length control field 00548nam a22001697a 4500
005 - DATE AND TIME OF INPUT
control field 20231121124138.0
008 - DATA ELEMENTS--GENERAL INFORMATION
fixed length control field 231121b |||||||| |||| 00| 0 eng d
020 ## - INTERNATIONAL STANDARD BOOK NUMBER
International Standard Book Number 8790730828
041 ## - LANGUAGE CODE
Language code of text English
082 ## - SHELF NUMBER
DDC number 342.8 REP
100 ## - MAIN AUTHOR
Language of a work English
245 ## - TITLE STATEMENT
Title Report of the African Commission's Working Group of Experts on Indigenous Populations / Communities
260 ## - PUBLICATION, DISTRIBUTION, ETC.
Place of publication, distribution, etc. North America :
Name of publisher, distributor, etc. Transaction Publishers,
Date of publication, distribution, etc. 2005
300 ## - PHYSICAL DESCRIPTION
Other physical details 121 pages ;
Dimensions 22 cm.
650 ## - SUBJECT`
Broad subject Legal practice
Own subject terms Law
942 ## - ADDED ENTRY ELEMENTS (KOHA)
Item type Books
942 ## - ADDED ENTRY ELEMENTS (KOHA)
-- ALISON_BN_VRIES
Holdings
Source of classification or shelving scheme Not for loan Collection code Home library Current library Shelving location Date acquired Full call number Barcode Price effective from Koha item type
Dewey Decimal Classification   TEXT BOOKS LAW SOCIETY OF NAMIBIA LIBRARY - WINDHOEK LAW SOCIETY OF NAMIBIA LIBRARY - WINDHOEK Constitutional and administrative law 11/21/2023 342.8 REP LSN/2009/138 11/21/2023 Books